[Event "Montcalm III 2014-15"]
[Site "Quebec CAN"]
[Date "2014.11.20"]
[Round "2"]
[White "Bergeron, Marc"]
[Black "Cummins, Paul"]
[Result "1/2-1/2"]
[WhiteElo "2038"]
[BlackElo "1843"]
[PlyCount "100"]
[EventDate "2014.11.13"]
[EventType "tourn"]
[EventRounds "5"]
[EventCountry "CAN"]

1. c4 Nf6 2. g3 c5 3. Bg2 Nc6 4. Nc3 e6 5. Nf3 d5 6. cxd5 Nxd5 7. O-O Nc7 8. b3
Be7 9. Bb2 Rb8 10. Rc1 Bd7 11. Ne4 O-O 12. Nxc5 Bxc5 13. Rxc5 b6 14. Rc1 Re8
15. a3 Rc8 16. d4 Nd5 17. e4 Nf6 18. Ne5 Nb8 19. Qd3 Bc6 20. f4 Bb7 21. Rxc8
Bxc8 22. Rc1 Ba6 23. Qc2 Qc8 24. Qxc8 Rxc8 25. Rxc8+ Bxc8 26. d5 exd5 27. exd5
Kf8 28. Nc6 Nxc6 29. dxc6 Ne8 30. Be5 f6 31. Bd4 Be6 32. b4 Nc7 33. a4 Ke7 34.
a5 Kd6 35. axb6 axb6 36. Bxb6 Nd5 37. Bc5+ Kxc6 38. Bf8 g6 39. Kf2 Kb5 40. f5
Bf7 41. h4 Nxb4 42. Bxb4 Kxb4 43. Ke3 Kc4 44. Kf4 Kd4 45. g4 Be8 46. Bh3 Bf7
47. fxg6 hxg6 48. Bg2 g5+ 49. hxg5 fxg5+ 50. Kxg5 Be6 1/2-1/2

[Event "Montcalm III 2014-15"]
[Site "Quebec CAN"]
[Date "2014.11.20"]
[Round "2"]
[White "Bourassa, Andre"]
[Black "Dube, Daniel"]
[Result "1-0"]
[WhiteElo "1785"]
[BlackElo "1946"]
[PlyCount "187"]
[EventDate "2014.11.13"]
[EventType "tourn"]
[EventRounds "5"]
[EventCountry "CAN"]

1. d4 d5 2. c4 c6 3. e3 e6 4. Bd3 Nf6 5. Nc3 Nbd7 6. Nge2 dxc4 7. Bxc4 b5 8.
Bd3 Bb7 9. O-O a6 10. e4 e5 11. h3 exd4 12. Nxd4 Ne5 13. Bc2 c5 14. Nf5 g6 15.
Qxd8+ Rxd8 16. Bg5 Be7 17. Nxe7 Kxe7 18. Rad1 h6 19. Rxd8 Rxd8 20. Bxh6 Nd3 21.
Bg5 Ke6 22. Rd1 c4 23. f3 Rd7 24. Bxf6 Kxf6 25. Bxd3 cxd3 26. Kf2 Bc6 27. a3 a5
28. Rd2 b4 29. axb4 axb4 30. Nd1 Ke5 31. Ke3 Bb5 32. Nf2 g5 33. Nxd3+ Bxd3 34.
Rxd3 Rc7 35. Rd5+ Kf6 36. g3 Rc2 37. Rd2 Rc1 38. f4 Rh1 39. Rd6+ Ke7 40. Rb6
Rxh3 41. Kf3 gxf4 42. Kxf4 Rh1 43. Rxb4 Rf1+ 44. Ke3 Kf6 45. Rb5 Re1+ 46. Kf3
Rf1+ 47. Ke2 Rg1 48. Kf2 Rc1 49. b3 Rc2+ 50. Kf3 Rc3+ 51. Kf4 Rc1 52. Rb6+ Kg7
53. b4 Rf1+ 54. Ke3 Rg1 55. Kf2 Rb1 56. b5 Rb2+ 57. Kf3 Rb3+ 58. Kf4 Rb1 59.
Rb8 Rf1+ 60. Ke3 Kf6 61. b6 Re1+ 62. Kf3 Rf1+ 63. Ke2 Rg1 64. Kf2 Rb1 65. b7
Rb3 66. Kg2 Kg7 67. Kf2 Kf6 68. Ke2 Ke7 69. g4 Kd6 70. e5+ Kc6 71. g5 Rb5 72.
Rc8+ Kxb7 73. Re8 Kc6 74. Kf3 Rb7 75. Ke4 Kd7 76. Rh8 Ke6 77. Rh6+ Ke7 78. g6
Rb4+ 79. Kf5 fxg6+ 80. Rxg6 Rb1 81. Rg7+ Ke8 82. Kf6 Rb6+ 83. e6 Kf8 84. Rc7
Rb8 85. Rd7 Kg8 86. Rg7+ Kh8 87. Rg5 Rf8+ 88. Ke7 Rf1 89. Ke8 Re1 90. e7 Re2
91. Kf7 Rf2+ 92. Ke6 Kh7 93. e8=Q Rf8 94. Qh5# 1-0

[Event "Montcalm III 2014-15"]
[Site "Quebec CAN"]
[Date "2014.11.20"]
[Round "2"]
[White "Lamontagne, Danny"]
[Black "Plante, Rejean"]
[Result "1-0"]
[WhiteElo "1893"]
[BlackElo "2074"]
[PlyCount "69"]
[EventDate "2014.11.13"]
[EventType "tourn"]
[EventRounds "5"]
[EventCountry "CAN"]

1. e4 d5 2. exd5 Qxd5 3. Nc3 Qd6 4. d4 Nf6 5. Bd3 a6 6. Nge2 b5 7. Bf4 Qd7 8.
Ne4 Nxe4 9. Bxe4 c6 10. a4 Bb7 11. O-O e6 12. Re1 Be7 13. Qd3 g6 14. Rad1 O-O
15. Qg3 Qd8 16. Qe3 Nd7 17. Nc1 Qb6 18. Qg3 bxa4 19. Nd3 Rac8 20. h4 Nf6 21.
Bf3 Rfd8 22. h5 Nd5 23. hxg6 hxg6 24. Bxd5 Rxd5 25. Rxe6 Bf8 26. Ne5 Bg7 27.
Nxf7 Rxd4 28. Rde1 Rf8 29. Rxg6 Rxf7 30. Re8+ Kh7 31. Rg4 Rdxf4 32. Qh4+ Bh6
33. Rh8+ Kxh8 34. Qxh6+ Rh7 35. Qxf4 1-0

[Event "Montcalm III 2014-15"]
[Site "Quebec CAN"]
[Date "2014.11.20"]
[Round "2"]
[White "Le-Huu, Pascal"]
[Black "Genest, Dominic"]
[Result "1/2-1/2"]
[WhiteElo "1356"]
[BlackElo "1540"]
[PlyCount "97"]
[EventDate "2014.11.13"]
[EventType "tourn"]
[EventRounds "5"]
[EventCountry "CAN"]

1. d4 d5 2. Bf4 Nf6 3. Nf3 e6 4. e3 Nbd7 5. Nbd2 Bd6 6. Bxd6 cxd6 7. Bd3 e5 8.
e4 dxe4 9. Nxe4 Nxe4 10. Bxe4 Nf6 11. Qd3 Qa5+ 12. Nd2 d5 13. Bf5 e4 14. Qh3
O-O 15. c3 Qb5 16. O-O-O a5 17. g4 Bxf5 18. gxf5 Qe2 19. Rhg1 Nh5 20. Qg4 Qxg4
21. Rxg4 Nf6 22. Rg2 Kh8 23. Rdg1 Rg8 24. Nf1 Nh5 25. Rg4 b5 26. Ne3 Nf6 27.
R4g2 b4 28. h4 bxc3 29. bxc3 Rac8 30. Kc2 g6 31. h5 Nxh5 32. Nxd5 Rgd8 33. Ne7
Rc7 34. Nxg6+ fxg6 35. fxg6 hxg6 36. Rxg6 Rh7 37. Re6 Rf8 38. Re5 Rxf2+ 39. Kb3
Rb7+ 40. Ka3 Rf3 41. Re8+ Kh7 42. Rc8 Rg7 43. Re1 Nf4 44. Rh1+ Rh3 45. Rxh3+
Nxh3 46. Rc5 Rg3 47. Kb3 Rg5 48. Rxg5 Nxg5 49. Ka4 1/2-1/2

[Event "Montcalm III 2014-15"]
[Site "Quebec CAN"]
[Date "2014.11.20"]
[Round "2"]
[White "Ripoll, Arthur"]
[Black "Bonneau, Daniel"]
[Result "1/2-1/2"]
[WhiteElo "1816"]
[BlackElo "1978"]
[PlyCount "104"]
[EventDate "2014.11.13"]
[EventType "tourn"]
[EventRounds "5"]
[EventCountry "CAN"]

1. e4 e6 2. d4 d5 3. Nd2 c5 4. exd5 Qxd5 5. Ngf3 cxd4 6. Bc4 Qd6 7. O-O Nf6 8.
Nb3 Nc6 9. Nbxd4 Nxd4 10. Qxd4 Qxd4 11. Nxd4 a6 12. a4 Bc5 13. Nb3 Bb6 14. Be2
O-O 15. Bf4 Nd5 16. Bg3 Bd7 17. c4 Ne7 18. Bd6 Rfe8 19. c5 Bd8 20. Nd4 Nc6 21.
Nc2 Bf6 22. Rab1 Ne7 23. b3 Bc6 24. Nb4 Be4 25. Bd3 Bxd3 26. Nxd3 Nd5 27. Be5
Be7 28. Rfc1 Rac8 29. a5 Red8 30. b4 f6 31. Bg3 e5 32. Rb3 Nc7 33. f4 e4 34.
Nb2 f5 35. Nc4 Nb5 36. Bf2 Bf6 37. Kf1 Nd4 38. Bxd4 Rxd4 39. Rbb1 g6 40. Nd6
Rc7 41. Rd1 Kf8 42. Ke2 Ke7 43. Ke3 Rxd1 44. Rxd1 Bc3 45. Rb1 Ke6 46. Rb3 Bf6
47. Rb1 Be7 48. Rd1 Bxd6 49. Rxd6+ Ke7 50. g4 Rd7 51. gxf5 gxf5 52. Rh6 Ke8
1/2-1/2

[Event "Montcalm III 2014-15"]
[Site "Quebec CAN"]
[Date "2014.11.27"]
[Round "3"]
[White "Bleau, John"]
[Black "Lamontagne, Danny"]
[Result "1-0"]
[WhiteElo "1914"]
[BlackElo "1893"]
[PlyCount "112"]
[EventDate "2014.11.13"]
[EventType "tourn"]
[EventRounds "5"]
[EventCountry "CAN"]

1. d4 Nf6 2. Nf3 d5 3. e3 c6 4. b3 e6 5. Bb2 Bb4+ 6. c3 Be7 7. Bd3 Nbd7 8. Nbd2
a5 9. O-O O-O 10. c4 c5 11. Rc1 a4 12. Bb1 axb3 13. Qxb3 b6 14. Ne5 Nxe5 15.
dxe5 dxc4 16. Qc2 g6 17. exf6 Bxf6 18. Bxf6 Qxf6 19. Ne4 Qe5 20. Qc3 Qxc3 21.
Rxc3 Rd8 22. f3 Bb7 23. Kf2 Bxe4 24. fxe4 Rd2+ 25. Kf3 b5 26. Rcc1 e5 27. Rf2
Rad8 28. Rxd2 Rxd2 29. a4 bxa4 30. Rxc4 a3 31. Ra4 Rb2 32. Bd3 Rb3 33. Bc4 Rc3
34. Ra8+ Kg7 35. Bd5 c4 36. Ra4 f5 37. g3 Rc2 38. Bxc4 Rc3 39. h4 h6 40. Bd5
fxe4+ 41. Kxe4 g5 42. hxg5 hxg5 43. g4 Kf6 44. Ra7 Kg6 45. Kf3 Kf6 46. Ke2 Rc5
47. Be4 Rc3 48. Kd2 Rb3 49. Ra6+ Ke7 50. Bc2 Rb4 51. Bd1 Rb2+ 52. Kc1 Ra2 53.
Bc2 Rb2 54. Rxa3 Rb5 55. Bf5 Rb6 56. Ra7+ Kf6 1-0

[Event "Montcalm III 2014-15"]
[Site "Quebec CAN"]
[Date "2014.11.27"]
[Round "3"]
[White "Bluteau, Yvon"]
[Black "Ripoll, Arthur"]
[Result "1-0"]
[WhiteElo "1737"]
[BlackElo "1816"]
[PlyCount "69"]
[EventDate "2014.11.13"]
[EventType "tourn"]
[EventRounds "5"]
[EventCountry "CAN"]

1. d4 d5 2. Nf3 e6 3. g3 c5 4. Bg2 Nf6 5. O-O cxd4 6. Nxd4 Bc5 7. Nb3 Be7 8.
Nc3 O-O 9. a4 a5 10. Nb5 Bd7 11. Qd3 Nc6 12. c3 Ne5 13. Qc2 Nc4 14. N3d4 e5 15.
Nf5 Bc5 16. b3 Bxb5 17. axb5 Nd6 18. Nxd6 Qxd6 19. h3 b6 20. Bg5 Nd7 21. Rad1
Nf6 22. Qf5 Qe6 23. Qc2 Rad8 24. Kh2 h6 25. Bxf6 gxf6 26. Qd2 d4 27. cxd4 Rxd4
28. Qxh6 Rxd1 29. Rxd1 Bxf2 30. Rf1 Bxg3+ 31. Kxg3 f5 32. Qg5+ Qg6 33. Rxf5
Qxg5+ 34. Rxg5+ Kh7 35. Rxe5 1-0

[Event "Montcalm III 2014-15"]
[Site "Quebec CAN"]
[Date "2014.11.27"]
[Round "3"]
[White "Chabot, Sebastien"]
[Black "Genest, Dominic"]
[Result "0-1"]
[WhiteElo "1290"]
[BlackElo "1540"]
[PlyCount "90"]
[EventDate "2014.11.13"]
[EventType "tourn"]
[EventRounds "5"]
[EventCountry "CAN"]

1. d4 d5 2. Nf3 Nf6 3. c4 e6 4. Bf4 c6 5. a3 Nbd7 6. e3 Be7 7. Be2 dxc4 8. O-O
b5 9. a4 Bb7 10. b3 cxb3 11. Qxb3 a6 12. axb5 cxb5 13. Nc3 O-O 14. Nb1 Rc8 15.
Nbd2 Nd5 16. Ne4 Nxf4 17. exf4 Bxe4 18. Nd2 Bd5 19. Qh3 Nf6 20. f3 Qb6 21. Kh1
Qxd4 22. Rfd1 Rc2 23. Ne4 Qxa1 24. Rxa1 Rxe2 25. g4 Nxe4 26. fxe4 Bxe4+ 27. Kg1
Bc5+ 28. Kf1 Bg2+ 29. Qxg2 Rxg2 30. Kxg2 Ra8 31. h4 a5 32. h5 b4 33. Rd1 Kf8
34. Rd7 Ke8 35. Rc7 Be7 36. Kf3 a4 37. Ke4 a3 38. g5 a2 39. Rc1 a1=Q 40. Rxa1
Rxa1 41. Kd3 Rf1 42. Kc2 Rxf4 43. Kb3 e5 44. g6 fxg6 45. hxg6 hxg6 0-1

[Event "Montcalm III 2014-15"]
[Site "Quebec CAN"]
[Date "2014.11.27"]
[Round "3"]
[White "Dube, Daniel"]
[Black "Gagnon, Stephane"]
[Result "1-0"]
[WhiteElo "1946"]
[BlackElo "1518"]
[PlyCount "73"]
[EventDate "2014.11.13"]
[EventType "tourn"]
[EventRounds "5"]
[EventCountry "CAN"]

1. e4 e5 2. Nf3 Nc6 3. Bc4 Nf6 4. d3 Bc5 5. c3 O-O 6. O-O d5 7. exd5 Nxd5 8. b4
Be7 9. b5 Na5 10. Nxe5 Qd6 11. Re1 Bf6 12. Ba3 c5 13. bxc6 Qc7 14. Bxf8 Nxc4
15. dxc4 Bxe5 16. Qxd5 Bxh2+ 17. Kh1 Be6 18. Qh5 Qf4 19. Qxh2 Qxf2 20. Na3 bxc6
21. Bd6 Qb2 22. Qg3 Rd8 23. Be5 g6 24. Rad1 Rxd1 25. Rxd1 f6 26. Bxf6 Kf7 27.
Rf1 Bf5 28. Qd6 Qe2 29. Qe7+ Qxe7 30. Bxe7 Kxe7 31. Rd1 Kf6 32. c5 Kg5 33. Rd4
Bg4 34. Rd6 h5 35. Rxc6 Kf5 36. Rd6 g5 37. Rd4 1-0

[Event "Montcalm III 2014-15"]
[Site "Quebec CAN"]
[Date "2014.11.27"]
[Round "3"]
[White "Plante, Rejean"]
[Black "Dumont, Eric"]
[Result "1-0"]
[WhiteElo "2074"]
[BlackElo "1702"]
[PlyCount "127"]
[EventDate "2014.11.13"]
[EventType "tourn"]
[EventRounds "5"]
[EventCountry "CAN"]

1. c4 c5 2. Nf3 Nf6 3. g3 g6 4. d4 cxd4 5. Nxd4 Bg7 6. Bg2 Qb6 7. Nc3 Nc6 8.
Nc2 d6 9. O-O O-O 10. b3 Ne5 11. h3 Bd7 12. Be3 Qc7 13. Nd4 a6 14. Rc1 Rac8 15.
Qd2 Nc6 16. Nd5 Qd8 17. Nb6 Nxd4 18. Bxd4 Rc7 19. Rfd1 Bc6 20. f3 Nh5 21. Bf2
Nf6 22. e4 Qb8 23. Be3 Nd7 24. Nd5 Bxd5 25. exd5 Qc8 26. a4 Nc5 27. Rb1 Qf5 28.
a5 Qe5 29. Kf2 Qc3 30. Bd4 Qxd2+ 31. Rxd2 Rfc8 32. Be3 Bc3 33. Ra2 Bb4 34. Bf1
f5 35. Bd2 Bxd2 36. Rxd2 Kf7 37. b4 Nd7 38. Rd4 Ne5 39. Rc1 Kf6 40. f4 Nd7 41.
Re1 b5 42. cxb5 Rc2+ 43. Kf3 R8c3+ 44. Re3 Rxe3+ 45. Kxe3 axb5 46. Bxb5 Nb8 47.
Rc4 Rb2 48. Rc8 Rxb4 49. Rxb8 Rb3+ 50. Kd4 Rxg3 51. a6 Ra3 52. Kc4 Rxh3 53. Ba4
Rh4 54. a7 Rxf4+ 55. Kb5 Rd4 56. Bb3 Rd3 57. Kc4 Rd2 58. a8=Q Re2 59. Rf8+ Kg5
60. Qa1 Re4+ 61. Kd3 Rf4 62. Qc1 Kg4 63. Bd1+ Kg3 64. Qe3+ 1-0

[Event "Montcalm III 2014-15"]
[Site "Quebec CAN"]
[Date "2014.11.27"]
[Round "3"]
[White "Sarra-Bournet, Marc"]
[Black "Bergeron, Marc"]
[Result "1-0"]
[WhiteElo "1737"]
[BlackElo "2038"]
[PlyCount "75"]
[EventDate "2014.11.13"]
[EventType "tourn"]
[EventRounds "5"]
[EventCountry "CAN"]

1. e4 e6 2. d4 d5 3. Nd2 Nf6 4. e5 Nfd7 5. f4 c5 6. c3 Nc6 7. Ne2 Qb6 8. Nf3 f6
9. f5 fxe5 10. fxe6 Nf6 11. dxe5 Ng4 12. Qxd5 Nb4 13. cxb4 Bxe6 14. Qe4 O-O-O
15. Bg5 c4 16. Bxd8 Bxb4+ 17. Nc3 Qf2+ 18. Kd1 Qxb2 19. Bh4 Qxa1+ 20. Nb1 g5
21. Bxc4 Rd8+ 22. Kc2 Ne3+ 23. Qxe3 Bxc4 24. Qxa7 gxh4 25. Qa4 Bd3+ 26. Kb3 Bc3
27. Nxc3 Qxh1 28. Qa8+ Kc7 29. Qa5+ b6 30. Qa7+ Kc6 31. e6 Qxg2 32. Ne5+ Kd6
33. Nxd3 Qc6 34. Qf7 b5 35. Qf4+ Ke7 36. Qg5+ Ke8 37. Qg8+ Ke7 38. Qxh7+ 1-0

[Event "Montcalm III 2014-15"]
[Site "Quebec CAN"]
[Date "2014.12.04"]
[Round "4"]
[White "Boulianne, Gabriel"]
[Black "Cournoyer, Dominic"]
[Result "1-0"]
[WhiteElo "1782"]
[BlackElo "1942"]
[PlyCount "89"]
[EventDate "2014.11.13"]
[EventType "tourn"]
[EventRounds "5"]
[EventCountry "CAN"]

1. e4 d5 2. exd5 Nf6 3. Bb5+ Bd7 4. Bxd7+ Qxd7 5. c4 c6 6. dxc6 Nxc6 7. Nf3 e5
8. O-O O-O-O 9. Re1 Qg4 10. h3 Qxc4 11. Nxe5 Nxe5 12. Rxe5 Bd6 13. Re3 Kb8 14.
Na3 Qf4 15. g3 Qf5 16. Kg2 Bc5 17. Qf3 Qd5 18. Qxd5 Rxd5 19. Rf3 Rhd8 20. Nc4
R5d7 21. Rb1 Bd4 22. b3 b5 23. Na5 Kc7 24. Bb2 Bxb2 25. Rxb2 Kb6 26. b4 Rxd2
27. Rc3 R2d6 28. Rbc2 a6 29. Rc6+ Rxc6 30. Rxc6+ Ka7 31. Rc7+ Ka8 32. Rxf7 Rd7
33. Rxd7 Nxd7 34. Nc6 Kb7 35. Nd4 Ne5 36. Ne6 g6 37. Nf8 h5 38. f4 Nd3 39. a3
Nxb4 40. axb4 a5 41. bxa5 b4 42. Nd7 Kc6 43. Ne5+ Kb5 44. Nd3 b3 45. a6 1-0

[Event "Montcalm III 2014-15"]
[Site "Quebec CAN"]
[Date "2014.12.04"]
[Round "4"]
[White "Cummins, Paul"]
[Black "Plante, Rejean"]
[Result "1-0"]
[WhiteElo "1793"]
[BlackElo "2074"]
[PlyCount "59"]
[EventDate "2014.11.13"]
[EventType "tourn"]
[EventRounds "5"]
[EventCountry "CAN"]

1. e4 g6 2. d4 Bg7 3. Nc3 d6 4. f4 Nf6 5. Nf3 O-O 6. Bd3 a6 7. O-O b5 8. Qe2 b4
9. Nd1 Bb7 10. c3 c5 11. e5 Ne8 12. e6 f6 13. f5 g5 14. Be3 cxd4 15. Nxd4 a5
16. Nf2 Nc7 17. c4 Nca6 18. Ne4 Nc6 19. Nxc6 Bxc6 20. Nxg5 fxg5 21. f6 Rxf6 22.
Rxf6 exf6 23. Qh5 Qe7 24. Bxh7+ Kf8 25. Bf5 Nc5 26. Bxg5 fxg5 27. Rf1 Bd4+ 28.
Kh1 Kg8 29. Bg6 Nxe6 30. Bf7+ 1-0

[Event "Montcalm III 2014-15"]
[Site "Quebec CAN"]
[Date "2014.12.04"]
[Round "4"]
[White "Genest, Dominic"]
[Black "Oliver, Vance"]
[Result "1-0"]
[WhiteElo "1540"]
[BlackElo "1694"]
[PlyCount "73"]
[EventDate "2014.11.13"]
[EventType "tourn"]
[EventRounds "5"]
[EventCountry "CAN"]

1. c4 Nf6 2. Nf3 g6 3. Nc3 Bg7 4. g3 Nc6 5. Bg2 O-O 6. Rb1 e5 7. d3 d6 8. O-O
Rb8 9. b4 Bd7 10. b5 Ne7 11. Be3 b6 12. a4 Nf5 13. Ne1 Nxe3 14. fxe3 Ng4 15.
Nc2 Bh6 16. Nd5 f5 17. h3 Nf6 18. Ncb4 Kg7 19. e4 Nxd5 20. Nxd5 c6 21. bxc6
Bxc6 22. exf5 gxf5 23. Kh2 Rb7 24. Nf4 exf4 25. Bxc6 fxg3+ 26. Kxg3 Qg5+ 27.
Kh2 Qh4 28. Bxb7 Be3 29. Qe1 Qe7 30. Qg3+ Kh8 31. Bd5 Bd4 32. Kh1 Be3 33. Rxf5
Bc5 34. Rbf1 Re8 35. Rf7 Rg8 36. Qxg8+ Kxg8 37. Rxe7+ 1-0

[Event "Montcalm III 2014-15"]
[Site "Quebec CAN"]
[Date "2014.12.04"]
[Round "4"]
[White "Lamontagne, Danny"]
[Black "Bonneau, Daniel"]
[Result "1-0"]
[WhiteElo "1893"]
[BlackElo "1978"]
[PlyCount "51"]
[EventDate "2014.11.13"]
[EventType "tourn"]
[EventRounds "5"]
[EventCountry "CAN"]

1. e4 d6 2. d4 Nf6 3. Nc3 g6 4. f4 Bg7 5. Nf3 O-O 6. Bd3 Na6 7. O-O c5 8. d5
Rb8 9. Qe1 Nb4 10. a3 Nxd3 11. cxd3 b5 12. Kh1 e6 13. dxe6 Bxe6 14. Nh4 b4 15.
axb4 cxb4 16. Ne2 Qc7 17. Be3 a5 18. Bd4 Nd7 19. Bxg7 Kxg7 20. f5 Bb3 21. Nd4
Bc2 22. fxg6 hxg6 23. Rc1 b3 24. Nhf5+ gxf5 25. Nxf5+ Kf6 26. Qh4+ 1-0

[Event "Montcalm III 2014-15"]
[Site "Quebec CAN"]
[Date "2014.12.04"]
[Round "4"]
[White "Lapierre, Gaetan"]
[Black "Bluteau, Yvon"]
[Result "0-1"]
[WhiteElo "1949"]
[BlackElo "1737"]
[PlyCount "72"]
[EventDate "2014.11.13"]
[EventType "tourn"]
[EventRounds "5"]
[EventCountry "CAN"]

1. e4 b6 2. d4 Bb7 3. Bd3 e6 4. Nf3 c5 5. c3 Nf6 6. Qe2 Be7 7. e5 Nd5 8. a3
cxd4 9. cxd4 Qc8 10. O-O Ba6 11. Bxa6 Qxa6 12. Qe4 Nc6 13. Re1 Rc8 14. Bd2 Na5
15. Bxa5 Qxa5 16. Nbd2 O-O 17. Rac1 Qb5 18. Qb1 Nf4 19. Rxc8 Rxc8 20. g3 Nd3
21. Rd1 Nxb2 22. Rc1 Rxc1+ 23. Qxc1 Bxa3 24. Qc8+ Bf8 25. Qe8 h6 26. Ne4 Qe2
27. Nfg5 hxg5 28. Nxg5 Qh5 29. h4 a5 30. f3 a4 31. Kg2 Nd3 32. g4 Nf4+ 33. Kg3
Ne2+ 34. Kg2 Qg6 35. Qxd7 a3 36. Qa7 Nxd4 0-1

[Event "Montcalm III 2014-15"]
[Site "Quebec CAN"]
[Date "2014.12.04"]
[Round "4"]
[White "May, Oliver"]
[Black "Dube, Daniel"]
[Result "1/2-1/2"]
[WhiteElo "1809"]
[BlackElo "1946"]
[PlyCount "133"]
[EventDate "2014.11.13"]
[EventType "tourn"]
[EventRounds "5"]
[EventCountry "CAN"]

1. e4 Nf6 2. e5 Nd5 3. c4 Nb6 4. d4 d6 5. exd6 cxd6 6. Nf3 g6 7. Be2 Bg7 8. O-O
O-O 9. Be3 Nc6 10. Qd2 e5 11. Bh6 e4 12. Bxg7 Kxg7 13. Ne1 Qf6 14. Nc2 Bf5 15.
Nc3 h5 16. b3 Rac8 17. d5 Ne5 18. Ne3 Bg4 19. Nxe4 Qf4 20. Nxg4 Qxd2 21. Nxd2
hxg4 22. f4 gxf3 23. Nxf3 Nxf3+ 24. Rxf3 Rce8 25. Kf2 Nd7 26. Re1 Ne5 27. Rc3
b6 28. b4 Rc8 29. Rec1 Rc7 30. c5 bxc5 31. bxc5 Rfc8 32. c6 Rb8 33. Rb3 Rxb3
34. axb3 g5 35. Ra1 Ng6 36. Ra4 Ne7 37. Bf3 f5 38. g4 fxg4 39. Rxg4 Kf6 40. Rb4
Rc8 41. Re4 Nxd5 42. Rd4 Nf4 43. Rxd6+ Ke5 44. Rd7 a5 45. Ra7 Nd3+ 46. Ke3 Nc5
47. Rxa5 Kd6 48. Rb5 Re8+ 49. Kd4 Ne6+ 50. Kc4 Rf8 51. Rd5+ Kc7 52. Rd7+ Kc8
53. Bd5 Rf4+ 54. Kc3 Nc7 55. Bg2 Nb5+ 56. Kc2 Rf2+ 57. Rd2 Nd4+ 58. Kc3 Ne2+
59. Kd3 Nf4+ 60. Ke3 Rxd2 61. Kxd2 Nxg2 62. Ke2 Nh4 63. b4 Nf5 64. Kd3 Kc7 65.
Ke4 Nd6+ 66. Kf3 Kxc6 67. Kg4 1/2-1/2

[Event "Montcalm III 2014-15"]
[Site "Quebec CAN"]
[Date "2014.12.04"]
[Round "4"]
[White "Sarra-Bournet, Marc"]
[Black "Bleau, John"]
[Result "0-1"]
[WhiteElo "1737"]
[BlackElo "1914"]
[PlyCount "58"]
[EventDate "2014.11.13"]
[EventType "tourn"]
[EventRounds "5"]
[EventCountry "CAN"]

1. e4 Nf6 2. e5 Nd5 3. d4 d6 4. c4 Nb6 5. f4 dxe5 6. fxe5 Nc6 7. Be3 Bf5 8. Nc3
e6 9. Nf3 Bg4 10. Qd2 Be7 11. O-O-O Qd7 12. Be2 Na5 13. c5 Nbc4 14. Bxc4 Nxc4
15. Qf2 Nxe3 16. Qxe3 O-O-O 17. d5 exd5 18. Rxd5 Qc6 19. Rhd1 Rxd5 20. Rxd5 Be6
21. Rd6 cxd6 22. cxd6 Bxd6 23. exd6 b6 24. Qe5 Rd8 25. Qxg7 Qxd6 26. Qxh7 Qf4+
27. Nd2 Qxd2+ 28. Kb1 Qe1+ 29. Kc2 Rd2# 0-1

[Event "Montcalm III 2014-15"]
[Site "Quebec CAN"]
[Date "2014.12.11"]
[Round "5"]
[White "Bluteau, Yvon"]
[Black "Bleau, John"]
[Result "1-0"]
[WhiteElo "1737"]
[BlackElo "1914"]
[PlyCount "122"]
[EventDate "2014.11.13"]
[EventType "tourn"]
[EventRounds "5"]
[EventCountry "CAN"]

1. Nf3 d5 2. c4 d4 3. e3 Nc6 4. d3 g6 5. exd4 Nxd4 6. Nxd4 Qxd4 7. Nc3 c6 8.
Be3 Qd8 9. Be2 Bg7 10. O-O Nh6 11. Bxh6 Bxh6 12. d4 O-O 13. d5 cxd5 14. Qxd5
Qb6 15. b3 Rd8 16. Qe4 Qe6 17. Rad1 Re8 18. Bf3 Qxe4 19. Bxe4 Rb8 20. Rd3 b6
21. Rfd1 Bb7 22. Bxb7 Rxb7 23. Rd7 Reb8 24. Kf1 e6 25. Ne4 Kg7 26. c5 bxc5 27.
Nxc5 Rxd7 28. Rxd7 Rb5 29. Nxe6+ Kf6 30. Nd4 Ra5 31. a4 Bf8 32. Rd8 Be7 33. Rd7
Bc5 34. Nc6 Ra6 35. Nd8 Be7 36. Rd3 Bxd8 37. Rxd8 Rb6 38. Rd3 h5 39. Ke2 Ke6
40. Kd2 f6 41. Kc3 a5 42. Rd4 Ke5 43. f4+ Ke6 44. b4 Rc6+ 45. Rc4 axb4+ 46.
Kxb4 Rb6+ 47. Kc3 Rb1 48. a5 Kd5 49. Ra4 Rc1+ 50. Kd2 Rc7 51. a6 Ra7 52. Kd3 h4
53. Ke3 f5 54. Kd3 Kc5 55. Ra2 Rd7+ 56. Kc3 Ra7 57. Ra5+ Kb6 58. Kb4 Kc6 59.
Re5 Kd6 60. Kb5 Rc7 61. Re2 Rc5+ 1-0

[Event "Montcalm III 2014-15"]
[Site "Quebec CAN"]
[Date "2014.12.11"]
[Round "5"]
[White "Bourassa, Andre"]
[Black "Bergeron, Marc"]
[Result "1/2-1/2"]
[WhiteElo "1785"]
[BlackElo "2038"]
[PlyCount "37"]
[EventDate "2014.11.13"]
[EventType "tourn"]
[EventRounds "5"]
[EventCountry "CAN"]

1. d4 Nf6 2. c4 e6 3. Nc3 Bb4 4. Qc2 O-O 5. e4 d5 6. cxd5 exd5 7. e5 Ne4 8. Nf3
c5 9. Be3 Qa5 10. dxc5 Nc6 11. Bd3 Nxc3 12. Bxh7+ Kh8 13. O-O Ne4 14. Bxe4 dxe4
15. Qxe4 f6 16. exf6 gxf6 17. Qg6 Qc7 18. Qh6+ Kg8 19. a3 1/2-1/2

[Event "Montcalm III 2014-15"]
[Site "Quebec CAN"]
[Date "2014.12.11"]
[Round "5"]
[White "Cournoyer, Dominic"]
[Black "Gagnon, Stephane"]
[Result "1-0"]
[WhiteElo "1942"]
[BlackElo "1518"]
[PlyCount "69"]
[EventDate "2014.11.13"]
[EventType "tourn"]
[EventRounds "5"]
[EventCountry "CAN"]

1. c4 Nc6 2. Nf3 Nf6 3. Nc3 d5 4. cxd5 Nxd5 5. g3 Nb6 6. d4 Bg4 7. Bg2 e6 8.
O-O Be7 9. Bf4 O-O 10. Rc1 f6 11. Nb5 Nd5 12. Bd2 f5 13. Ne5 Nxe5 14. dxe5 c6
15. Nd4 f4 16. f3 Qb6 17. Bxf4 Bc5 18. Rxc5 Qxc5 19. fxg4 Nxf4 20. gxf4 Rad8
21. e3 g5 22. Qb3 gxf4 23. Nxe6 Qxe3+ 24. Qxe3 fxe3 25. Rxf8+ Rxf8 26. Nxf8 e2
27. Kf2 Kxf8 28. Be4 h6 29. Kxe2 Ke7 30. Bf5 c5 31. Ke3 b6 32. h4 Kf7 33. Ke4
Kg7 34. Kd5 Kf7 35. Kd6 1-0

[Event "Montcalm III 2014-15"]
[Site "Quebec CAN"]
[Date "2014.12.11"]
[Round "5"]
[White "Cummins, Paul"]
[Black "Sarra-Bournet, Marc"]
[Result "0-1"]
[WhiteElo "1793"]
[BlackElo "1679"]
[PlyCount "118"]
[EventDate "2014.11.13"]
[EventType "tourn"]
[EventRounds "5"]
[EventCountry "CAN"]

1. e4 e5 2. Nf3 Nc6 3. Bc4 Bc5 4. c3 Nf6 5. d4 exd4 6. cxd4 Bb4+ 7. Nc3 Nxe4 8.
O-O Bxc3 9. bxc3 d5 10. Bb5 O-O 11. Bxc6 bxc6 12. Ba3 Re8 13. Qc1 Bg4 14. Ne5
Be2 15. Re1 Bb5 16. f3 Nd6 17. Qf4 f6 18. Ng4 Re7 19. Qg3 Rxe1+ 20. Rxe1 Nf5
21. Qf4 Bd3 22. Nf2 g5 23. Qd2 Bc4 24. Qc2 Qd7 25. Ng4 Kg7 26. Qd2 Re8 27. Rxe8
Qxe8 28. Kf2 h5 29. Ne3 Nxe3 30. Qxe3 Qxe3+ 31. Kxe3 Kf7 32. Bb4 Bxa2 33. Ba5
Ke6 34. Bxc7 Kd7 35. Ba5 Bb3 36. Kd3 f5 37. h4 gxh4 38. Ke3 Bc4 39. Kf2 f4 40.
Bb4 Bd3 41. Ke1 Ke6 42. Ba5 Kd7 43. Kf2 Bf5 44. Bb4 h3 45. gxh3 Bxh3 46. Ba3
Ke6 47. Kg1 a5 48. Kf2 a4 49. Ke2 Kf5 50. Kf2 Ke6 51. Bc1 Kf5 52. Ba3 Bg4 53.
Be7 h4 54. Ba3 Bxf3 55. Kxf3 h3 56. Bc1 h2 57. Kg2 Ke4 58. Kxh2 Kd3 59. Ba3 Ke2
0-1

[Event "Montcalm III 2014-15"]
[Site "Quebec CAN"]
[Date "2014.12.11"]
[Round "5"]
[White "Dube, Daniel"]
[Black "Dumont, Eric"]
[Result "0-1"]
[WhiteElo "1947"]
[BlackElo "1702"]
[PlyCount "64"]
[EventDate "2014.11.13"]
[EventType "tourn"]
[EventRounds "5"]
[EventCountry "CAN"]

1. e4 c6 2. Nf3 d5 3. exd5 cxd5 4. Ne5 Nf6 5. d4 e6 6. Bb5+ Bd7 7. Nxd7 Nbxd7
8. O-O Bd6 9. Nd2 Qb6 10. c4 Qxd4 11. h3 O-O 12. cxd5 Qxd5 13. Bxd7 Nxd7 14.
Nf3 Nf6 15. Qa4 Qe4 16. Qb3 Qb4 17. Qe3 Rfd8 18. Bd2 Qe4 19. Qb3 b6 20. Bg5 Qf5
21. a4 Bc5 22. Rfd1 Bxf2+ 23. Kh1 Rxd1+ 24. Rxd1 h6 25. Bxf6 Qxf6 26. Qc2 Bg3
27. Qd2 Rc8 28. Nd4 Rd8 29. Qd3 Be5 30. Rf1 Rxd4 31. Rxf6 Rxd3 32. Rf1 Bxb2 0-1